000 00523nam a2200193Ia 4500
999 _c34290
_d34290
003 OSt
005 20200908115211.0
008 190216s9999||||xx |||||||||||||| ||und||
020 _a9788121917056
040 _coclc
082 _a537
_bMUR/E
100 _aMurugeshan, R
_94330
245 0 _aElectricity And Magnetism /
_cR Murugeshan
250 _a7th Ed.
260 _bS Chand & Company,
_c2008.
_aNew Delhi:
300 _a680p
650 _aPhysics
942 _cBK
_2ddc
_h537
_iMUR/E
_k537
_mMUR/E